| 000 | 00834nam a2200217Ia 4500 | ||
|---|---|---|---|
| 999 |
_c40546 _d40546 |
||
| 003 | GCL | ||
| 005 | 20240530103541.0 | ||
| 008 | 140319s1983 le 000 0 ara d | ||
| 040 |
_aGCL / _cGCL |
||
| 082 | 0 | 4 |
_a956.04/ _bس م |
| 100 | 1 | _aستوفر، توماس ر. | |
| 245 | 1 | 2 |
_aالمساعدة الاميركية لاسرائيل : _bالرباط الحيوى / _cتوماس ر. ستوفر |
| 260 |
_aبيروت : _bمؤسسة الدراسات الفلسطينية ، _c1983 |
||
| 300 |
_a20 ص.؛ _e24 سم. |
||
| 490 | 0 |
_aاوراق مؤسسة الدراسات الفلسطسينية ؛ _v21. |
|
| 650 | 0 | 7 |
_aالنزاع العربى الاسرائيلى _2qrmak |
| 650 | 0 | 7 |
_aالقضية الفلسطينية _2qrmak |
| 650 | 0 | 7 |
_aالامم المتحدة _2qrmak |
| 651 | 0 | 7 |
_2qrmak _aاسرائيل |
| 942 |
_2ddc _cBK |
||